000 00303nam a22001337a 4500
020 _a8174351426
082 _a297.4 STO
100 _aStoddart W
_aR.A. Nicholson
245 _aSufism
260 _aNew Delhi
_bAdam Publishers & Distributors
_c2011
300 _a165 P
650 _aSufism
942 _cBK
999 _c19815
_d19815